000 00746nam a2200229 i 4500
001 bg
100 1 _aMIERZEJEWSKI, Stanisław
245 1 0 _aDokumentacja rewizyjna badania sprawozdania finansowego /
_cStanisław Mierzejewski, Roman Kurzawski.
260 _aWarszawa :
_bStowarzyszenie Księgowych w Polsce,
_c[2004].
300 _a143, [1] s. ;
_c24 cm.
650 9 _aFinanse
_xsprawozdawczość
_xkontrola
650 9 _aRachunkowość
_xprawo
_zPolska
_ystan na 2004 r.
655 _aPodręczniki
700 1 _aKURZAWSKI, Roman
020 _a8372281432
040 _cBPK
041 0 _apol
080 _a657.62/.63(07):[346.52:347.728.1](438)(07)
920 _a83-7228-143-2
942 _cKS
008 s pl f |000 0 pol
999 _c53719
_d53719
856 _uhttp://koha.tu.koszalin.pl/cgi-bin/koha/opac-detail.pl?biblionumber=53719
_yKatalog online BPK